| 000 | 00437nam a2200157Ia 4500 | ||
|---|---|---|---|
| 003 | GCL | ||
| 008 | 140319s9999 xx 000 0 eng d | ||
| 040 |
_aGCL / _cGCL |
||
| 082 | 0 | 4 |
_a813.4 _bW H |
| 100 | 1 | _aWOOLF, JUDITH | |
| 245 | 1 | 0 |
_aHENRY JAMES: THE MAJOR NOVELS / _cWOOLF, JUDITH |
| 260 |
_a[S.N] : _bCAMBRIBGE UNIVERSITY PRESS |
||
| 650 | 0 | 4 | _aCRITICISM AND INTER PRETATION |
| 650 | 0 | 4 | _aJAMES, HENRY 1843 - 1916 |
| 942 |
_2ddc _cBK |
||
| 999 |
_c24274 _d24274 |
||